Concertos e desconcertos na procura de um mundo concertado (Registo nº 199035)

Detalhes MARC
000 -Etiqueta do registo
Valores 00732nam 22002053 4500
010 ## - Número ISBN
ISBN 972-31-1054-7
021 ## - Número do Depósito Legal
Código do país Portugal
Número 202424/03
100 ## - Dados gerais de processamento
Dados gerais 20251113d u||y0pory50 ba
200 ## - Titulo e menção de responsabilidade
Título próprio Concertos e desconcertos na procura de um mundo concertado
Informação de outro título crença no mundo justo, inocência da vítima e vitimização secundária
Primeira menção de responsabilidade Isabel Falcão Correia
210 ## - Publicação
Local de publicação [Lisboa]
Nome do editor Fundação Calouste Gulbenkian
Data de publicação 2003
215 ## - Descrição física 
Paginação / Volumes [XX], 305, [9] p.
Outras indicações físicas brochado
Dimensões 23 cm
225 ## - Colecção 
Título próprio da colecção Textos universitários de ciências sociais e humanas
606 ## - Nome comum usado como assunto
ID Autoridade 33
Palavra de ordem Psicologia
675 ## - CDU
Notação 159.9
Edição PT
Língua por
700 ## - Autor principal (pessoa individual)
ID Autoridade 14939
Apelido Correia
Nome Isabel Falcão
Datas 1966-
801 ## - Fonte de origem
País PT
Agência BMMN
Regras de catalogação RPC
830 ## - Notas gerais do catalogador
Criado por Vanda
990 ## - Elementos KOHA
Tipo de documento Livro
Exemplares
Situação do levantamento Biblioteca de origem Código de barras Cota Permissão de empréstimo Tipo de documento Forma de aquisição
  Biblioteca Municipal de Montemor-o-Novo 27719 159.9 COR|DEP   Livro Oferta

Powered by Koha